000 00503nam a2200169Ia 4500
003 GCL
008 140319s9999 xx 000 0 ara d
040 _aGCL /
_cGCL
082 0 4 _aط
_b229.5
_bم ا
100 1 _aمحمد احمد برانق
245 1 0 _aابنه عمران /
_cمحمد احمد برانق
300 _a31 ص
490 _aمجموعة قصص الانبياء
_v0
650 0 4 _aمريم العذراء
650 0 4 _aمريم العذراء - قصص القران
942 _2ddc
_cBK
999 _c50819
_d50819